|
|
|
|
| LEADER |
00000nam0a2200000 4500 |
| 001 |
319257 |
| 005 |
20231102003149.0 |
| 035 |
|
|
|a (RuTPU)RU\TPU\book\344765
|
| 090 |
|
|
|a 319257
|
| 100 |
|
|
|a 20160525d1951 km y0rusy50 ca
|
| 101 |
1 |
|
|a rus
|c fre
|
| 102 |
|
|
|a RU
|
| 105 |
|
|
|a a z 001zy
|
| 200 |
1 |
|
|a География Марокко
|e пер. с фр.
|f Ф. Жоли, А. Аяш, Ж. Фардель, Л. Сюэш
|g под ред. О. К. Парчевского
|
| 210 |
|
|
|a Москва
|c Изд-во иностранной литературы
|d 1951
|
| 215 |
|
|
|a 151 с.
|c ил.
|
| 320 |
|
|
|a Географический указатель: с. 147-150
|
| 606 |
1 |
|
|a Африка
|x География
|2 stltpush
|3 (RuTPU)RU\TPU\subj\29818
|9 53075
|
| 610 |
1 |
|
|a рельеф
|
| 610 |
1 |
|
|a горы
|
| 610 |
1 |
|
|a равнины
|
| 610 |
1 |
|
|a климат
|
| 610 |
1 |
|
|a воды
|
| 610 |
1 |
|
|a растительный мир
|
| 610 |
1 |
|
|a животный мир
|
| 610 |
1 |
|
|a население
|
| 610 |
1 |
|
|a сельское хозяйство
|
| 610 |
1 |
|
|a промышленность
|
| 675 |
|
|
|a 91(6)
|v 4
|
| 701 |
|
1 |
|a Жоли
|b Ф.
|
| 701 |
|
1 |
|a Аяш
|b А.
|
| 701 |
|
1 |
|a Фардель
|b Ж.
|
| 701 |
|
1 |
|a Сюэш
|b Л.
|
| 702 |
|
1 |
|a Парчевский
|b О. К.
|4 340
|
| 801 |
|
1 |
|a RU
|b 63413507
|c 20160525
|
| 801 |
|
2 |
|a RU
|b 63413507
|c 20200326
|g RCR
|
| 942 |
|
|
|c BK
|